000 00495cam a2200157 4500500
005 20260329001823.0
041 _afre
042 _adc
100 1 0 _aDuru, Martin
_eauthor
245 0 0 _aTest drive : La passion de l’épreuve
260 _c2009.
500 _a68
690 _aAvital Ronell
786 0 _nPhilosophie magazine | 30 | 6 | 2009-06-01 | p. 49-49 | 1951-1787
856 4 1 _uhttps://shs.cairn.info/magazine-philosophie-magazine-2009-6-page-49?lang=fr&redirect-ssocas=7080
999 _c1808966
_d1808966